| 000 | 00836nam a2200217 a 4500 | ||
|---|---|---|---|
| 001 | 000030934 | ||
| 005 | 20240314073719.0 | ||
| 008 | 110414s2008 dr c 000 0dspa d | ||
| 040 |
_aDO-SdBNP _bspa _cBNPHU |
||
| 082 | _aF-RD 10 | ||
| 245 | 0 | 0 |
_aIdeario de Duarte / _ccompilado y anotado por Vertilio Alfau Durán. |
| 250 | _a25ª ed. | ||
| 260 |
_aSanto Domingo : _bInstituto Duartiano, _bCasa de Duarte, Museo y Biblioteca, _c2008 _fGráfica William |
||
| 300 |
_a30 p. : _bil., retr. ; _c21 cm. |
||
| 500 | _aIncluye referencias bibliográficas y notas al pie de páginas. | ||
| 600 | 1 | 0 |
_aDuarte, Juan Pablo, _d1813-1876 _91494 |
| 651 | 4 |
_aRepública Dominicana _xHistoria _y1844-1930 _xFuentes _938423 |
|
| 700 | 1 |
_aAlfau Durán, Vetilio, _d1909-1985 _ecomp. _910091 |
|
| 910 | _aValidado. Control de calidad EMS. | ||
| 049 | _aBNPD | ||
| 999 |
_c30426 _d30426 |
||